[Event "European Youth Chess Championship B18"]
[Site "Prague, Top Hotel Prague"]
[Date "2012.08.25"]
[Round "9.1"]
[White "Forcen Esteban, Daniel"]
[Black "Gabuzyan, Hovhannes"]
[Result "1-0"]
[WhiteElo "2440"]
[BlackElo "2488"]
[PlyCount "0"]
[EventDate "2012.08.17"]

1. e4 {[%clk 1:30:56]} g6 {[%clk 1:30:57]} 2. d4 {[%clk 1:31:21]} Bg7
{[%clk 1:30:22]} 3. Nc3 {[%clk 1:31:21]} c6 {[%clk 1:30:49]} 4. Nf3
{[%clk 1:22:20]} d6 {[%clk 1:30:53]} 5. h3 {[%clk 1:22:21]} Nd7 {[%clk 1:30:02]}
6. a4 {[%clk 1:21:45]} e5 {[%clk 1:25:05]} 7. Bc4 {[%clk 1:20:11]} exd4
{[%clk 1:22:04]} 8. Nxd4 {[%clk 1:20:32]} Ngf6 {[%clk 1:22:30]} 9. O-O
{[%clk 1:09:20]} O-O {[%clk 1:22:56]} 10. Ba2 {[%clk 0:58:11]} Nc5
{[%clk 1:18:28]} 11. Re1 {[%clk 0:58:34]} Re8 {[%clk 1:17:01]} 12. f3
{[%clk 0:41:48]} Nh5 {[%clk 1:15:12]} 13. Be3 {[%clk 0:40:39]} Be5
{[%clk 1:15:02]} 14. Qd2 {[%clk 0:40:10]} Qf6 {[%clk 1:08:25]} 15. Nde2
{[%clk 0:36:29]} Be6 {[%clk 1:01:00]} 16. Bg5 {[%clk 0:35:20]} Qh8
{[%clk 0:59:56]} 17. f4 {[%clk 0:33:14]} Bxc3 {[%clk 0:46:08]} 18. Nxc3
{[%clk 0:33:36]} Bxa2 {[%clk 0:46:25]} 19. Rxa2 {[%clk 0:31:34]} h6
{[%clk 0:38:19]} 20. Bh4 {[%clk 0:32:03]} Ne6 {[%clk 0:38:01]} 21. f5
{[%clk 0:32:22]} gxf5 {[%clk 0:35:11]} 22. exf5 {[%clk 0:32:24]} Nd4
{[%clk 0:30:34]} 23. Rf1 {[%clk 0:30:24]} c5 {[%clk 0:26:24]} 24. Raa1
{[%clk 0:25:45]} Nf6 {[%clk 0:16:50]} 25. Rf4 {[%clk 0:25:43]} Rad8
{[%clk 0:13:19]} 26. Bxf6 {[%clk 0:23:10]} Qxf6 {[%clk 0:13:47]} 27. Ne4
{[%clk 0:23:31]} Qh8 {[%clk 0:14:00]} 28. Raf1 {[%clk 0:22:04]} Kf8
{[%clk 0:11:07]} 29. Rh4 {[%clk 0:19:54]} Re5 {[%clk 0:10:12]} 30. Rxh6
{[%clk 0:18:12]} Qg7 {[%clk 0:09:22]} 31. f6 {[%clk 0:17:10]} Qg8
{[%clk 0:09:41]} 32. Rh4 {[%clk 0:17:39]} b6 {[%clk 0:09:44]} 33. c3
{[%clk 0:16:58]} Ne6 {[%clk 0:09:50]} 34. Qh6+ {[%clk 0:11:32]} Ke8
{[%clk 0:10:18]} 35. Rg4 {[%clk 0:11:57]} Qf8 {[%clk 0:10:29]} 36. Qh7
{[%clk 0:12:12]} Kd7 {[%clk 0:10:09]} 37. Rg7 {[%clk 0:12:38]} Kc6
{[%clk 0:10:19]} 38. Rxf7 {[%clk 0:13:02]} Qg8 {[%clk 0:10:18]} 39. Nf2
{[%clk 0:11:19]} Qg3 {[%clk 0:09:49]} 40. Rxa7 {[%clk 0:40:51]} Rb8
{[%clk 0:36:51]} 41. Qd7+ {[%clk 0:41:01]} Kd5 {[%clk 0:37:17]} 42. Rd1+
{[%clk 0:41:28]} 1-0

[Event "European Youth Chess Championship B18"]
[Site "Prague, Top Hotel Prague"]
[Date "2012.08.25"]
[Round "9.2"]
[White "Kadric, Denis"]
[Black "Moiseenko, Vadim"]
[Result "1/2-1/2"]
[WhiteElo "2418"]
[BlackElo "2454"]
[PlyCount "0"]
[EventDate "2012.08.17"]

1. e4 {[%clk 1:30:57]} d6 {[%clk 1:30:54]} 2. d4 {[%clk 1:31:16]} Nf6
{[%clk 1:31:20]} 3. Nc3 {[%clk 1:31:29]} g6 {[%clk 1:31:46]} 4. f4
{[%clk 1:31:24]} Bg7 {[%clk 1:32:10]} 5. Nf3 {[%clk 1:31:48]} O-O
{[%clk 1:32:35]} 6. e5 {[%clk 1:32:06]} Nfd7 {[%clk 1:29:05]} 7. Bc4
{[%clk 1:32:28]} c5 {[%clk 1:19:20]} 8. e6 {[%clk 1:32:43]} Nb6 {[%clk 1:19:26]}
9. exf7+ {[%clk 1:33:07]} Kh8 {[%clk 1:19:52]} 10. h4 {[%clk 1:33:30]} Nxc4
{[%clk 1:14:33]} 11. h5 {[%clk 1:33:51]} Bf5 {[%clk 1:12:22]} 12. Ng5
{[%clk 1:22:56]} cxd4 {[%clk 1:01:50]} 13. hxg6 {[%clk 0:58:04]} h6
{[%clk 1:02:16]} 14. Ne6 {[%clk 0:58:25]} Qc8 {[%clk 0:39:46]} 15. Rxh6+
{[%clk 0:48:01]} Bxh6 {[%clk 0:40:11]} 16. Qxd4+ {[%clk 0:48:28]} Ne5
{[%clk 0:40:36]} 17. fxe5 {[%clk 0:48:56]} Qxe6 {[%clk 0:39:45]} 18. Bxh6
{[%clk 0:49:22]} Nc6 {[%clk 0:35:29]} 19. Bxf8 {[%clk 0:37:03]} Bxg6
{[%clk 0:30:23]} 20. Qh4+ {[%clk 0:37:27]} Bh7 {[%clk 0:30:49]} 21. Bh6
{[%clk 0:37:55]} Nxe5 {[%clk 0:29:41]} 22. O-O-O {[%clk 0:38:09]} Qxf7
{[%clk 0:25:04]} 23. Be3 {[%clk 0:27:38]} Rg8 {[%clk 0:23:52]} 24. Rd2
{[%clk 0:26:56]} Rxg2 {[%clk 0:22:31]} 25. Rxg2 {[%clk 0:20:26]} Qf1+
{[%clk 0:22:56]} 26. Nd1 {[%clk 0:20:51]} Qxg2 {[%clk 0:23:19]} 27. Qf2
{[%clk 0:21:15]} Qxf2 {[%clk 0:22:29]} 28. Bxf2 {[%clk 0:20:51]} Nc6
{[%clk 0:22:25]} 29. Kd2 {[%clk 0:20:22]} Kg7 {[%clk 0:22:37]} 30. Kc3
{[%clk 0:20:45]} e5 {[%clk 0:19:54]} 31. b4 {[%clk 0:12:19]} d5 {[%clk 0:17:32]}
32. b5 {[%clk 0:08:27]} d4+ {[%clk 0:17:58]} 33. Kd2 {[%clk 0:08:38]} Na5
{[%clk 0:16:44]} 34. Nb2 {[%clk 0:08:58]} Bg8 {[%clk 0:10:56]} 35. c3
{[%clk 0:06:56]} Bxa2 {[%clk 0:08:57]} 36. cxd4 {[%clk 0:07:24]} e4
{[%clk 0:07:46]} 37. Ke3 {[%clk 0:06:31]} Bd5 {[%clk 0:06:47]} 38. Kf4
{[%clk 0:06:58]} Kf6 {[%clk 0:04:54]} 39. Nd1 {[%clk 0:07:19]} Ke6
{[%clk 0:04:51]} 40. Nc3 {[%clk 0:37:34]} Nc4 {[%clk 0:35:04]} 41. Bg1
{[%clk 0:33:54]} Nd6 {[%clk 0:30:54]} 42. Bf2 {[%clk 0:34:21]} Ne8
{[%clk 0:26:54]} 43. Bh4 {[%clk 0:32:58]} Nd6 {[%clk 0:23:31]} 44. Bf2
{[%clk 0:33:26]} Nc4 {[%clk 0:23:54]} 45. Bg1 {[%clk 0:33:51]} Nb6
{[%clk 0:22:39]} 46. Bf2 {[%clk 0:33:55]} a5 {[%clk 0:22:33]} 47. bxa6
{[%clk 0:34:13]} bxa6 {[%clk 0:23:00]} 48. Nxe4 {[%clk 0:34:31]} Bxe4
{[%clk 0:23:25]} 49. Kxe4 {[%clk 0:34:58]} Nd5 {[%clk 0:23:40]} 1/2-1/2

[Event "European Youth Chess Championship B18"]
[Site "Prague, Top Hotel Prague"]
[Date "2012.08.25"]
[Round "9.3"]
[White "Anton Guijarro, David"]
[Black "Givon, Asaf"]
[Result "1-0"]
[WhiteElo "2526"]
[BlackElo "2340"]
[PlyCount "0"]
[EventDate "2012.08.17"]

1. d4 {[%clk 1:30:46]} Nf6 {[%clk 1:30:37]} 2. Nf3 {[%clk 1:30:51]} g6
{[%clk 1:30:53]} 3. Bg5 {[%clk 1:30:50]} Bg7 {[%clk 1:31:05]} 4. Nbd2
{[%clk 1:31:16]} O-O {[%clk 1:31:21]} 5. c3 {[%clk 1:31:13]} d6 {[%clk 1:30:43]}
6. e4 {[%clk 1:30:50]} c5 {[%clk 1:30:56]} 7. dxc5 {[%clk 1:30:42]} dxc5
{[%clk 1:31:16]} 8. Bc4 {[%clk 1:30:52]} Nc6 {[%clk 1:30:34]} 9. O-O
{[%clk 1:30:07]} Qc7 {[%clk 1:29:30]} 10. h3 {[%clk 1:30:33]} b6 {[%clk 1:25:31]}
11. Qe2 {[%clk 1:27:57]} h6 {[%clk 1:22:46]} 12. Bxf6 {[%clk 1:25:42]} Bxf6
{[%clk 1:12:19]} 13. Rfe1 {[%clk 1:15:29]} Ne5 {[%clk 1:08:22]} 14. Nxe5
{[%clk 1:15:38]} Bxe5 {[%clk 1:08:09]} 15. Nf3 {[%clk 1:15:45]} Rd8
{[%clk 0:40:42]} 16. Nxe5 {[%clk 1:09:58]} Qxe5 {[%clk 0:41:09]} 17. f4
{[%clk 1:10:14]} Qf6 {[%clk 0:34:08]} 18. Rf1 {[%clk 0:52:17]} Be6
{[%clk 0:30:23]} 19. Bd3 {[%clk 0:52:19]} Kh8 {[%clk 0:23:04]} 20. Rf3
{[%clk 0:48:46]} Qh4 {[%clk 0:17:14]} 21. a3 {[%clk 0:41:19]} Bb3
{[%clk 0:11:48]} 22. Raf1 {[%clk 0:36:36]} e6 {[%clk 0:03:13]} 23. Kh2
{[%clk 0:32:25]} Qe7 {[%clk 0:03:01]} 24. Rg3 {[%clk 0:29:40]} Rd7 25. Bb5
{[%clk 0:25:40]} Rd6 {[%clk 0:01:45]} 26. e5 {[%clk 0:16:48]} Rdd8
{[%clk 0:02:14]} 27. c4 {[%clk 0:16:24]} a6 {[%clk 0:02:37]} 28. Bc6
{[%clk 0:16:31]} Rac8 {[%clk 0:03:01]} 29. Be4 {[%clk 0:16:55]} Ba4
{[%clk 0:03:08]} 30. Qe3 {[%clk 0:15:29]} Bc6 {[%clk 0:00:36]} 31. Bxc6
{[%clk 0:05:53]} Rxc6 {[%clk 0:01:04]} 32. f5 {[%clk 0:06:08]} exf5
{[%clk 0:01:33]} 33. Qxh6+ {[%clk 0:06:22]} Kg8 {[%clk 0:02:02]} 34. Rxf5
{[%clk 0:05:54]} Qf8 {[%clk 0:02:23]} 35. Qe3 {[%clk 0:03:22]} Re8
{[%clk 0:02:01]} 36. Qf3 {[%clk 0:01:56]} Rce6 {[%clk 0:02:10]} 37. Qd5
{[%clk 0:01:56]} Kh8 {[%clk 0:00:42]} 38. Rf4 {[%clk 0:01:19]} R8e7
{[%clk 0:00:36]} 39. b4 {[%clk 0:00:56]} cxb4 {[%clk 0:00:38]} 40. axb4
{[%clk 0:31:22]} Rxe5 {[%clk 0:30:33]} 41. Rxg6 {[%clk 0:28:44]} Qb8
{[%clk 0:26:40]} 42. Qd8+ {[%clk 0:28:55]} 1-0

[Event "European Youth Chess Championship B18"]
[Site "Prague, Top Hotel Prague"]
[Date "2012.08.25"]
[Round "9.4"]
[White "Horvath, David"]
[Black "Sadzikowski, Daniel"]
[Result "1/2-1/2"]
[WhiteElo "2376"]
[BlackElo "2444"]
[PlyCount "0"]
[EventDate "2012.08.17"]

1. c4 {[%clk 1:30:58]} Nf6 {[%clk 1:30:51]} 2. Nc3 {[%clk 1:30:45]} e5
{[%clk 1:30:48]} 3. g3 {[%clk 1:30:26]} c6 {[%clk 1:31:11]} 4. Nf3
{[%clk 1:08:30]} e4 {[%clk 1:31:35]} 5. Nd4 {[%clk 1:08:41]} Qb6 {[%clk 1:32:02]}
6. Nc2 {[%clk 1:06:04]} d5 {[%clk 1:30:02]} 7. cxd5 {[%clk 1:02:09]} Bc5
{[%clk 1:29:59]} 8. Ne3 {[%clk 0:58:16]} cxd5 {[%clk 1:27:28]} 9. Na4
{[%clk 0:56:51]} Qc6 {[%clk 1:25:49]} 10. Nxc5 {[%clk 0:56:07]} Qxc5
{[%clk 1:26:18]} 11. Qc2 {[%clk 0:52:54]} Qc6 {[%clk 1:02:30]} 12. b3
{[%clk 0:25:57]} d4 {[%clk 0:57:10]} 13. Qxc6+ {[%clk 0:25:48]} Nxc6
{[%clk 0:57:30]} 14. Nc2 {[%clk 0:25:49]} Bf5 {[%clk 0:40:13]} 15. Bb2
{[%clk 0:25:06]} O-O-O {[%clk 0:38:45]} 16. e3 {[%clk 0:16:11]} d3
{[%clk 0:33:07]} 17. Nd4 {[%clk 0:16:34]} Nxd4 {[%clk 0:33:36]} 18. Bxd4
{[%clk 0:16:57]} Bg4 {[%clk 0:25:36]} 19. Bg2 {[%clk 0:14:26]} Rxd4
{[%clk 0:25:55]} 20. exd4 {[%clk 0:14:33]} Be2 {[%clk 0:26:24]} 21. Bf1
{[%clk 0:14:48]} Bg4 {[%clk 0:24:39]} 22. f4 {[%clk 0:12:52]} Kb8
{[%clk 0:19:37]} 23. Bg2 {[%clk 0:11:41]} Rc8 {[%clk 0:19:55]} 24. h3
{[%clk 0:10:24]} Be2 {[%clk 0:15:51]} 25. Kf2 {[%clk 0:08:36]} Re8
{[%clk 0:14:16]} 26. Rhc1 {[%clk 0:04:20]} b6 {[%clk 0:14:59]} 27. Re1
{[%clk 0:02:52]} h5 {[%clk 0:14:10]} 28. a3 {[%clk 0:02:51]} h4 {[%clk 0:13:56]}
29. g4 {[%clk 0:02:49]} Nd5 {[%clk 0:14:16]} 30. f5 {[%clk 0:02:43]} e3+
{[%clk 0:10:54]} 31. dxe3 {[%clk 0:02:20]} Nxe3 {[%clk 0:11:22]} 32. Bf3
{[%clk 0:00:52]} Nc2 {[%clk 0:11:37]} 33. Bxe2 {[%clk 0:00:44]} Nxa1
{[%clk 0:09:31]} 34. Bd1 {[%clk 0:01:08]} Rc8 {[%clk 0:08:59]} 35. Ke3
{[%clk 0:00:54]} Nc2+ {[%clk 0:07:26]} 36. Bxc2 {[%clk 0:01:23]} dxc2
{[%clk 0:07:55]} 37. Kd2 {[%clk 0:01:39]} g6 {[%clk 0:08:04]} 38. f6
{[%clk 0:01:20]} g5 {[%clk 0:06:16]} 39. Kc1 {[%clk 0:01:39]} Rc3
{[%clk 0:06:08]} 40. Re7 {[%clk 0:30:46]} Rxh3 {[%clk 0:35:08]} 41. Rxf7
{[%clk 0:24:09]} Rf3 {[%clk 0:35:36]} 42. Kxc2 {[%clk 0:21:49]} h3
{[%clk 0:34:56]} 43. Rh7 {[%clk 0:21:11]} Rxf6 {[%clk 0:35:13]} 44. Rxh3
{[%clk 0:21:34]} Rf4 {[%clk 0:35:38]} 45. Kc3 {[%clk 0:21:54]} Rxg4
{[%clk 0:36:02]} 1/2-1/2

[Event "European Youth Chess Championship B18"]
[Site "Prague, Top Hotel Prague"]
[Date "2012.08.25"]
[Round "9.5"]
[White "Meskovs, Nikita"]
[Black "Mammadov, Zaur"]
[Result "0-1"]
[WhiteElo "2347"]
[BlackElo "2431"]
[PlyCount "0"]
[EventDate "2012.08.17"]

1. d4 {[%clk 1:30:57]} Nf6 {[%clk 1:30:49]} 2. c4 {[%clk 1:31:21]} e6
{[%clk 1:31:16]} 3. Nc3 {[%clk 1:31:47]} Bb4 {[%clk 1:31:42]} 4. e3
{[%clk 1:32:11]} d5 {[%clk 1:32:07]} 5. Nf3 {[%clk 1:32:36]} O-O {[%clk 1:32:32]}
6. Bd3 {[%clk 1:33:02]} c5 {[%clk 1:32:58]} 7. O-O {[%clk 1:33:25]} cxd4
{[%clk 1:33:07]} 8. exd4 {[%clk 1:33:45]} dxc4 {[%clk 1:33:13]} 9. Bxc4
{[%clk 1:33:59]} Nc6 {[%clk 1:33:34]} 10. a3 {[%clk 1:32:19]} Be7
{[%clk 1:33:24]} 11. Re1 {[%clk 1:29:16]} a6 {[%clk 1:31:41]} 12. Qd3
{[%clk 1:19:58]} b5 {[%clk 1:27:29]} 13. Ba2 {[%clk 1:15:51]} Bb7
{[%clk 1:22:03]} 14. Bb1 {[%clk 1:05:10]} Qd6 {[%clk 1:16:02]} 15. Bg5
{[%clk 0:47:31]} g6 {[%clk 1:15:44]} 16. Ba2 {[%clk 0:46:21]} b4 {[%clk 1:01:56]}
17. Na4 {[%clk 0:42:58]} Rad8 {[%clk 0:51:58]} 18. Rad1 {[%clk 0:40:51]} Qb8
{[%clk 0:44:31]} 19. h4 {[%clk 0:29:51]} Ng4 {[%clk 0:41:09]} 20. Re4
{[%clk 0:23:33]} Nf6 {[%clk 0:27:00]} 21. Bxf6 {[%clk 0:20:45]} Bxf6
{[%clk 0:27:29]} 22. Rg4 {[%clk 0:21:14]} Ne7 {[%clk 0:26:22]} 23. Nc5
{[%clk 0:19:04]} h5 {[%clk 0:25:20]} 24. Rg3 {[%clk 0:16:30]} Bxf3
{[%clk 0:23:45]} 25. Qxf3 {[%clk 0:12:28]} Bxd4 {[%clk 0:19:01]} 26. Ne4
{[%clk 0:12:27]} Nf5 {[%clk 0:18:32]} 27. Rg5 {[%clk 0:12:39]} Bg7
{[%clk 0:16:47]} 28. Re1 {[%clk 0:09:47]} Qe5 {[%clk 0:14:59]} 29. g4
{[%clk 0:09:17]} hxg4 {[%clk 0:13:54]} 30. Qxg4 {[%clk 0:09:40]} Qxb2
{[%clk 0:12:58]} 31. Rxg6 {[%clk 0:06:46]} fxg6 {[%clk 0:12:03]} 32. Bxe6+
{[%clk 0:06:34]} Kh8 {[%clk 0:12:29]} 33. Qxg6 {[%clk 0:06:36]} Nh6
{[%clk 0:12:47]} 34. Kh1 {[%clk 0:04:24]} Rxf2 {[%clk 0:12:37]} 35. Qg3
{[%clk 0:02:45]} Re2 {[%clk 0:12:22]} 0-1

[Event "European Youth Chess Championship B18"]
[Site "Prague, Top Hotel Prague"]
[Date "2012.08.25"]
[Round "9.6"]
[White "Drnovsek, Gal"]
[Black "Pardo Simon, David"]
[Result "1/2-1/2"]
[WhiteElo "2177"]
[BlackElo "2430"]
[PlyCount "0"]
[EventDate "2012.08.17"]

1. d4 {[%clk 1:30:58]} a6 {[%clk 1:30:22]} 2. e4 {[%clk 1:31:15]} e6
{[%clk 1:29:50]} 3. c4 {[%clk 1:30:38]} d5 {[%clk 1:29:41]} 4. exd5
{[%clk 1:28:27]} exd5 {[%clk 1:29:50]} 5. Nc3 {[%clk 1:26:29]} Bb4
{[%clk 1:26:48]} 6. Qb3 {[%clk 1:23:20]} Nc6 {[%clk 1:23:31]} 7. Be3
{[%clk 1:20:21]} Be6 {[%clk 1:22:24]} 8. Nf3 {[%clk 1:12:18]} dxc4
{[%clk 1:15:34]} 9. Bxc4 {[%clk 1:11:35]} Bxc3+ {[%clk 1:15:58]} 10. Qxc3
{[%clk 1:10:00]} Bxc4 {[%clk 1:16:08]} 11. Qxc4 {[%clk 1:10:24]} Nge7
{[%clk 1:16:34]} 12. Ne5 {[%clk 1:06:02]} O-O {[%clk 1:14:39]} 13. O-O
{[%clk 1:05:43]} Qd6 {[%clk 1:11:19]} 14. Nxc6 {[%clk 0:55:56]} Nxc6
{[%clk 1:10:58]} 15. d5 {[%clk 0:52:44]} Ne5 {[%clk 1:10:52]} 16. Qc5
{[%clk 0:48:56]} Qxc5 {[%clk 1:03:58]} 17. Bxc5 {[%clk 0:48:51]} Rfe8
{[%clk 1:03:03]} 18. Rfd1 {[%clk 0:47:05]} Rad8 {[%clk 1:01:07]} 19. Rac1
{[%clk 0:42:39]} f6 {[%clk 0:59:43]} 20. f4 {[%clk 0:35:35]} Ng6 {[%clk 0:53:00]}
21. g3 {[%clk 0:29:17]} Rd7 {[%clk 0:26:58]} 22. Ba3 {[%clk 0:28:32]} Kf7
{[%clk 0:24:51]} 23. Rd2 {[%clk 0:26:46]} c6 {[%clk 0:20:59]} 24. Rcd1
{[%clk 0:26:28]} Red8 {[%clk 0:21:28]} 25. dxc6 {[%clk 0:25:27]} Rxd2
{[%clk 0:20:30]} 26. Rxd2 {[%clk 0:25:56]} Rxd2 {[%clk 0:20:47]} 27. cxb7
{[%clk 0:26:10]} Rd8 {[%clk 0:19:47]} 28. Bd6 {[%clk 0:26:21]} Ne7
{[%clk 0:18:42]} 29. b8=Q {[%clk 0:26:41]} Rxb8 {[%clk 0:19:11]} 30. Bxb8
{[%clk 0:27:05]} Ke6 {[%clk 0:19:39]} 31. Ba7 {[%clk 0:24:50]} Kd5
{[%clk 0:19:43]} 32. Kf1 {[%clk 0:23:17]} Nc6 {[%clk 0:14:34]} 33. Be3
{[%clk 0:23:40]} Nb4 {[%clk 0:14:33]} 34. a3 {[%clk 0:20:43]} Nc2
{[%clk 0:14:51]} 35. Ke2 {[%clk 0:19:00]} Kc4 {[%clk 0:15:19]} 36. Bd2
{[%clk 0:17:35]} Kb3 {[%clk 0:10:08]} 37. Kd3 {[%clk 0:14:06]} Kxb2
{[%clk 0:10:07]} 38. a4 {[%clk 0:14:10]} Kb3 {[%clk 0:10:11]} 39. a5
{[%clk 0:13:35]} Na1 {[%clk 0:05:48]} 40. Bc3 {[%clk 0:43:03]} Nc2
{[%clk 0:36:16]} 41. Bd2 {[%clk 0:42:52]} f5 {[%clk 0:32:10]} 42. h3
{[%clk 0:37:19]} h5 {[%clk 0:30:48]} 43. Bc3 {[%clk 0:29:14]} Nb4+
{[%clk 0:26:30]} 44. Kd4 {[%clk 0:28:40]} Nc2+ {[%clk 0:20:23]} 45. Kd3
{[%clk 0:28:55]} Nb4+ {[%clk 0:03:37]} 46. Kd4 {[%clk 0:29:23]} Nc2+
{[%clk 0:04:03]} 47. Kd3 {[%clk 0:29:47]} Nb4+ {[%clk 0:03:34]} 48. Kd4
{[%clk 0:30:13]} Nc2+ {[%clk 0:03:58]} 49. Kd3 {[%clk 0:30:39]} 1/2-1/2

[Event "European Youth Chess Championship B18"]
[Site "Prague, Top Hotel Prague"]
[Date "2012.08.25"]
[Round "9.7"]
[White "Moussard, Jules"]
[Black "Meribanov, Vitaly"]
[Result "1-0"]
[WhiteElo "2429"]
[BlackElo "2381"]
[PlyCount "0"]
[EventDate "2012.08.17"]

1. d4 {[%clk 1:30:58]} Nf6 {[%clk 1:30:57]} 2. c4 {[%clk 1:31:23]} c5
{[%clk 1:31:24]} 3. d5 {[%clk 1:31:47]} b5 {[%clk 1:31:46]} 4. cxb5
{[%clk 1:32:11]} a6 {[%clk 1:32:15]} 5. e3 {[%clk 1:32:26]} axb5 {[%clk 1:32:32]}
6. Bxb5 {[%clk 1:32:48]} Qa5+ {[%clk 1:33:00]} 7. Nc3 {[%clk 1:33:09]} Bb7
{[%clk 1:33:02]} 8. Bd2 {[%clk 1:33:33]} Qb6 {[%clk 1:33:03]} 9. Nf3
{[%clk 1:33:39]} Nxd5 {[%clk 1:29:09]} 10. a4 {[%clk 1:34:03]} e6
{[%clk 1:10:59]} 11. Nxd5 {[%clk 1:33:59]} Bxd5 {[%clk 1:10:46]} 12. Bc3
{[%clk 1:34:25]} Bc6 {[%clk 0:59:32]} 13. Bd3 {[%clk 1:15:08]} d5
{[%clk 0:41:36]} 14. O-O {[%clk 1:03:58]} Nd7 {[%clk 0:39:27]} 15. Qc2
{[%clk 1:03:13]} Bd6 {[%clk 0:24:37]} 16. Rfd1 {[%clk 1:02:32]} Qc7
{[%clk 0:15:49]} 17. h3 {[%clk 0:59:48]} e5 {[%clk 0:12:13]} 18. Bf5
{[%clk 0:59:53]} Nf6 {[%clk 0:10:57]} 19. b4 {[%clk 0:59:42]} c4 {[%clk 0:05:37]}
20. b5 {[%clk 1:00:07]} Bb7 {[%clk 0:05:35]} 21. Qb2 {[%clk 1:00:29]} d4
{[%clk 0:02:57]} 22. exd4 {[%clk 1:00:23]} e4 {[%clk 0:03:23]} 23. Ne5
{[%clk 0:58:25]} g6 {[%clk 0:03:27]} 24. d5 {[%clk 0:57:54]} gxf5
{[%clk 0:03:25]} 25. Nc6 {[%clk 0:58:15]} Rg8 {[%clk 0:02:11]} 26. Bxf6
{[%clk 0:58:40]} Rg6 {[%clk 0:00:53]} 27. a5 {[%clk 0:58:46]} Kd7
{[%clk 0:01:09]} 28. a6 {[%clk 0:58:39]} Rag8 {[%clk 0:01:35]} 29. axb7
{[%clk 0:59:00]} Rxg2+ {[%clk 0:02:01]} 30. Kf1 {[%clk 0:59:24]} Qb6
{[%clk 0:00:33]} 31. Bd4 {[%clk 0:59:03]} f4 {[%clk 0:00:37]} 32. Bxb6
{[%clk 0:57:09]} f3 {[%clk 0:01:05]} 33. Ke1 {[%clk 0:57:19]} Bf4
{[%clk 0:01:29]} 34. Ne5+ {[%clk 0:57:44]} 1-0

[Event "European Youth Chess Championship B18"]
[Site "Prague, Top Hotel Prague"]
[Date "2012.08.25"]
[Round "9.8"]
[White "Plat, Vojtech"]
[Black "Savitskiy, Sergey"]
[Result "1/2-1/2"]
[WhiteElo "2480"]
[BlackElo "2368"]
[PlyCount "0"]
[EventDate "2012.08.17"]

1. e4 {[%clk 1:30:52]} c5 {[%clk 1:30:54]} 2. Nf3 {[%clk 1:31:16]} d6
{[%clk 1:31:16]} 3. d4 {[%clk 1:31:38]} cxd4 {[%clk 1:31:42]} 4. Qxd4
{[%clk 1:32:02]} Nc6 {[%clk 1:31:20]} 5. Bb5 {[%clk 1:32:26]} Bd7
{[%clk 1:31:44]} 6. Bxc6 {[%clk 1:32:51]} Bxc6 {[%clk 1:32:07]} 7. Nc3
{[%clk 1:33:16]} e5 {[%clk 1:31:50]} 8. Qd3 {[%clk 1:33:38]} h6 {[%clk 1:32:13]}
9. Nd2 {[%clk 1:31:47]} Nf6 {[%clk 1:32:18]} 10. Nc4 {[%clk 1:32:03]} b5
{[%clk 1:30:59]} 11. Ne3 {[%clk 1:32:27]} Qb6 {[%clk 1:31:09]} 12. a3
{[%clk 1:26:18]} Qd4 {[%clk 1:24:38]} 13. f3 {[%clk 1:26:41]} Qxd3
{[%clk 1:24:43]} 14. cxd3 {[%clk 1:27:07]} g6 {[%clk 1:23:34]} 15. Bd2
{[%clk 1:27:32]} Be7 {[%clk 1:03:02]} 16. Ke2 {[%clk 1:27:23]} Kd7
{[%clk 1:01:35]} 17. Rhc1 {[%clk 1:27:26]} Rhc8 {[%clk 1:01:33]} 18. b4
{[%clk 1:25:26]} a6 {[%clk 0:57:02]} 19. a4 {[%clk 1:21:23]} Bd8 {[%clk 0:56:36]}
20. Ned5 {[%clk 1:20:24]} Bxd5 {[%clk 0:55:00]} 21. exd5 {[%clk 1:20:41]} Bb6
{[%clk 0:54:57]} 22. axb5 {[%clk 1:19:31]} axb5 {[%clk 0:55:14]} 23. Rxa8
{[%clk 1:19:49]} Rxa8 {[%clk 0:55:35]} 24. Bxh6 {[%clk 1:19:55]} Bd4
{[%clk 0:51:01]} 25. Nxb5 {[%clk 1:19:00]} Ra2+ {[%clk 0:50:09]} 26. Bd2
{[%clk 1:16:00]} Nxd5 {[%clk 0:49:24]} 27. Nxd4 {[%clk 1:16:21]} exd4
{[%clk 0:49:44]} 28. Kd1 {[%clk 1:14:31]} Rb2 {[%clk 0:46:25]} 29. Rc4
{[%clk 1:12:23]} Nc3+ {[%clk 0:41:09]} 30. Kc1 {[%clk 1:07:57]} Ra2
{[%clk 0:38:02]} 31. Bxc3 {[%clk 1:08:21]} dxc3 {[%clk 0:38:27]} 32. g4
{[%clk 1:08:46]} Rf2 {[%clk 0:38:20]} 33. Rf4 {[%clk 1:05:59]} Ke6
{[%clk 0:38:03]} 34. h4 {[%clk 1:06:07]} d5 {[%clk 0:35:47]} 35. b5
{[%clk 1:01:40]} Rb2 {[%clk 0:14:52]} 36. d4 {[%clk 1:00:16]} Rxb5
{[%clk 0:08:51]} 37. Kc2 {[%clk 1:00:39]} f6 {[%clk 0:07:38]} 38. h5
{[%clk 1:00:42]} gxh5 {[%clk 0:07:48]} 39. gxh5 {[%clk 1:01:08]} Rb2+
{[%clk 0:08:11]} 40. Kxc3 {[%clk 1:31:32]} Rh2 {[%clk 0:38:36]} 41. Rg4
{[%clk 1:31:42]} Rxh5 {[%clk 0:38:08]} 42. Kd3 {[%clk 1:32:08]} 1/2-1/2